00702nam a2200169 a 4500003000200000005001700002008004100019050003300060100003000093245009700123260009000220300002300310504004100333650004800374650004900422650006100471020250513122117.0970101s19uu xx 00 eng d aPHS HF 5549.5.P37b.B47 2004 aBerin, Edgard Emanuele S. aFactors related to job performance of employees of Vivere Hotel /cEdgard Emanuele S. Berin. aLas Piñas City, Philippines :bSouthville International School and Colleges,c2004. a52 pages ;c28 cm. aIncludes bibliographical references. aJob performancezPhilippinesxCase studies. aHotelsxEmployeeszPhilippinesvPerformance. aHospitality industryxEmployee performancezPhilippines.